000 00292nam a22001337a 4500
008 170214b xxu||||| |||| 00| 0 eng d
020 _a061425435
041 _aeng
080 _a61
100 _a4
101 _aSHM
245 _aTHE PRACTICAL ART OF MEDICINE
_cTAYLOR, R.B
942 _2udc
_cBK
999 _c5415
_d5415